00341nam a2200145Ia 4500008004100000020001700041041001200058082001100070100001600081245002900097260003100126300000800157650001500165700001500180221030s9999 xx 000 0 und d a100333935764 aEnglish a105.23 aS. S. Yadav 0aForeign Exchange Markets bMacmillanaNew Delhic2007 a254 aManagement aP. K. Jain